Географ С. Г. Григорьев (1874-1931). К 150-летию со дня рождения (Запись № 13643045)

Подробности
000 -МАРКЕР
контрольное поле 01351nkm0a2200277 4500
001 - ИДЕНТИФИКАТОР ЗАПИСИ
контрольное поле RU\NLR\BIBL_A\022603060
005 - ИДЕНТИФИКАТОР ВЕРСИИ
контрольное поле 20260325142610.0
035 ## - ДРУГИЕ СИСТЕМНЫЕ НОМЕРА
Идентификатор записи (NLR Aleph) 022603060
100 ## - ДАННЫЕ ОБЩЕЙ ОБРАБОТКИ
Данные общей обработки 20250818d2024 u y0rusy50 ca
101 0# - ЯЗЫК РЕСУРСА
Язык текста, звукозаписи и т.д. русский
102 ## - СТРАНА ПУБЛИКАЦИИ ИЛИ ПРОИЗВОДСТВА
Страна публикации Российская Федерация
116 ## - ПОЛЕ КОДИРОВАННЫХ ДАННЫХ: ИЗОБРАЗИТЕЛЬНЫЕ МАТЕРИАЛЫ
Кодированные данные для изобразительных материалов. diycxx zz zz
181 #0 - ПОЛЕ КОДИРОВАННЫХ ДАННЫХ: ВИД СОДЕРЖАНИЯ
Код вида содержания (ISBD) b4
Код характеристики содержания (ISBD) xb2e
182 #0 - ПОЛЕ КОДИРОВАННЫХ ДАННЫХ: ТИП СРЕДСТВА
Код типа средства (ISBD) n - непосредственное
200 1# - ЗАГЛАВИЕ И СВЕДЕНИЯ ОБ ОТВЕТСТВЕННОСТИ
Основное заглавие Географ С. Г. Григорьев (1874-1931). К 150-летию со дня рождения
Сведения, относящиеся к заглавию комплект открыток
Первые сведения об ответственности автор-составитель В.К. Белко
Последующие сведения об ответственности дизайн Белко Ю.Н.
203 ## - ВИД СОДЕРЖАНИЯ И ТИП СРЕДСТВА
Вид содержания Изображение
Дополнительные сведения об издании неподвижное
-- двухмерное
-- визуальное
Тип средства непосредственное
210 ## - ПУБЛИКАЦИЯ, РАСПРОСТРАНЕНИЕ И ДР.
Место издания, распространения и т.д. Одинцово
Имя издателя, распространителя и т. д. МОРОО "Краеведческое общество"
Дата издания, распространения и т.д. 2024
215 ## - ФИЗИЧЕСКАЯ ХАРАКТЕРИСТИКА
Специфическое обозначение материала и объем 1 обл. ([20] отд. л.)
Другие сведения о физической характеристике ил., цв. ил., факс.
Размеры 10х20
702 #1 - ИМЯ ЛИЦА - ВТОРИЧНАЯ ОТВЕТСТВЕННОСТЬ
Начальный элемент ввода Белко
Часть имени, кроме начального элемента ввода В. К.
Даты 1958-
Расширение инициалов личного имени Владимир Кузьмич
Идентификатор авторитетной/нормативной записи RU\NLR\AUTH\7711020
Код отношения Составитель
702 #1 - ИМЯ ЛИЦА - ВТОРИЧНАЯ ОТВЕТСТВЕННОСТЬ
Начальный элемент ввода Белко
Часть имени, кроме начального элемента ввода Ю. Н.
Код отношения Карикатурист, Художник
702 #1 - ИМЯ ЛИЦА - ВТОРИЧНАЯ ОТВЕТСТВЕННОСТЬ
Начальный элемент ввода Григорьев
Часть имени, кроме начального элемента ввода С. Г.
Дополнения к именам, кроме дат географ, страновед
Даты 1874-1931
Расширение инициалов личного имени Сергей Григорьевич
Идентификатор авторитетной/нормативной записи RU\NLR\AUTH\770134123
Код отношения Объект чествования
942 ## - ДОПОЛНИТЕЛЬНЫЕ ЭЛЕМЕНТЫ ЗАПИСИ (АБИС)
Тип экземпляра АБИС Визуальный материал
980 ## - КОЛЛЕКЦИЯ
Название коллекции Национальная библиография

Нет доступных экземпляров.